000 00289nam a2200133Ia 4500
100 _aNone
942 _cBK
654 _adesign & manufacturing
245 _aProduct Design & Manufacturing
260 _bPrentice Hall
_aTokyo
_c1974
300 _a447
546 _aENGLISH
999 _c27872
_d27872